[Event "FRA-ch U12 Girls"]
[Site "Le Grand Bornand"]
[Date "2003.??.??"]
[Round "5.10"]
[White "Bomba, Melody"]
[Black "Vaux, Julie"]
[Result "0-1"]
[WhiteElo "1400"]
[BlackElo "1370"]
[PlyCount "83"]
[EventDate "2003.??.??"]
[EventType "swiss"]
[EventRounds "9"]
[EventCountry "FRA"]
[SourceTitle "EXT 2004"]
[Source "ChessBase"]
[SourceDate "2003.11.25"]
[SourceVersion "1"]
[SourceVersionDate "2003.11.25"]
[SourceQuality "1"]

1. d4 d5 2. Nf3 Nc6 3. c3 Bf5 4. Bf4 e6 5. e3 Bd6 6. Be2 Nf6 7. Ne5 Bxe5 8. Bxe5 Nxe5 9. dxe5 Ne4 10. 0-0 0-0 11. Nd2 Nxd2 12. Qxd2 Qg5 13. f4 Qg6 14. Rf3 Qh6 15. Rg3 f6 16. Rf1 Rf7 17. Qd1 Rff8 18. Bd3 Bxd3 19. Qxd3 fxe5 20. fxe5 Rxf1+ 21. Qxf1 Rf8 22. Rf3 Rxf3 23. Qxf3 Qg5 24. Qf4 Qxf4 25. exf4 Kf7 26. Kf2 Kg6 27. g4 h5 28. h3 c6 29. Ke3 b5 30. Kd4 hxg4 31. hxg4 Kf7 32. Kc5 a5 33. Kxc6 b4 34. Kb5 bxc3 35. bxc3 Ke7 36. Kxa5 Kd7 37. Kb6 g6 38. a4 Kc8 39. Kc6 Kd8 40. Kd6 g5 41. fxg5 d4 42. cxd4 0-1

[Event "FRA-ch U12 Girls"]
[Site "Hyeres"]
[Date "2002.??.??"]
[Round "1.9"]
[White "Vaux, Julie"]
[Black "Gallice, Floriane"]
[Result "0-1"]
[WhiteElo "1320"]
[BlackElo "1540"]
[PlyCount "130"]
[EventDate "2002.04.05"]
[EventType "swiss"]
[EventRounds "9"]
[EventCountry "FRA"]
[SourceTitle "EXT 2003"]
[Source "ChessBase"]
[SourceDate "2002.11.25"]
[SourceVersion "1"]
[SourceVersionDate "2002.11.25"]
[SourceQuality "1"]

1. e4 c5 2. Nf3 d6 3. Nc3 g6 4. d4 cxd4 5. Nxd4 Bg7 6. Be3 Bd7 7. Bc4 Nc6 8. 0-0 Rc8 9. Bb3 a6 10. Qf3 Nf6 11. Rad1 0-0 12. Nd5 Ne5 13. Qe2 Nxd5 14. Bxd5 Rb8 15. Nb3 e6 16. Bc4 Nxc4 17. Qxc4 Bb5 18. Qb4 Bxf1 19. Kxf1 Qc7 20. Bf4 Be5 21. Bxe5 dxe5 22. Rd3 Qxc2 23. Re3 Rfd8 24. g3 Rd1+ 25. Kg2 Qb1 26. Nd2 Rg1+ 27. Kh3 Qd1 28. Nf3 Rh1 29. Kh4 Qf1 30. Re1 Qg2 31. Rxh1 Qxh1 32. Qc3 Rd8 33. Nxe5 Qxh2+ 34. Kg4 Qxf2 35. Qf3 Qxf3+ 36. Nxf3 Kg7 37. Kf4 Rd1 38. g4 Rb1 39. b3 Rb2 40. Nd4 Rxa2 41. g5 Rd2 42. Ke5 Rxd4 43. Kxd4 f6 44. gxf6+ Kxf6 45. Ke3 h5 46. Kf3 g5 47. Kg3 Ke5 48. Kf3 b5 49. Kf2 Kxe4 50. Kg3 g4 51. Kf2 h4 52. Kg2 g3 53. Kf1 Kf3 54. b4 h3 55. Ke1 g2 56. Kd2 g1Q 57. Kd3 Qe3+ 58. Kc2 Ke4 59. Kb2 Kd4 60. Ka2 Kc4 61. Kb2 Qb3+ 62. Ka1 Qxb4 63. Ka2 h2 64. Ka1 Kc3 65. Ka2 Qb2# 0-1